Gestión gerencial y empresarial aplicada al siglo XXI /

Bibliographic Details
Main Author: Berghe Romero, Edgar van den (Author)
Format: Electronic eBook
Language:Spanish
Published: Bogotá, D.C. : Ecoe Ediciones, [2016]
Edition:Tercera edición.
Series:Colección: Ciencias empresariales. Área Administración.
Subjects:
Online Access:Digitalia Hispánica

MARC

LEADER 00000nam a2200000Ii 4500
001 DIGECOED0242
003 NyNyDIG
006 m o d
007 cr |||||||||||
008 211130s2016 ck a ob 000 0 spa d
035 |a (OCoLC)989815271 
040 |a DGITA  |b eng  |e rda  |e pn  |c DGITA 
020 |a 9789587713336  |q eBook  |q ePub 
020 |z 9789587713329 
050 1 4 |a HD38.2 ebook 
082 0 4 |a 658 
100 1 |a Berghe Romero, Edgar van den,  |e author. 
245 1 0 |a Gestión gerencial y empresarial aplicada al siglo XXI /  |c Edgar Van Den Berghe Romero. 
250 |a Tercera edición. 
264 1 |a Bogotá, D.C. :  |b Ecoe Ediciones,  |c [2016] 
300 |a 1 online resource :  |b illustrations. 
336 |a text  |b txt  |2 rdacontent 
337 |a computer file  |b c  |2 rdamedia 
338 |a online resource  |b cr  |2 rdacarrier 
347 |a text file  |2 rdaft 
347 |b EPUB 
490 1 |a Ciencias empresariales. Administración 
504 |a Includes bibliographical references. 
588 0 |a Online resource; title from ePub title page (Digitalia, viewed November 30, 2021) 
650 0 |a Executives. 
650 0 |a Executive ability. 
650 0 |a Industrial management. 
650 0 |a Entrepreneurship. 
655 0 |a Electronic books. 
776 0 8 |i Print version:  |a Berghe Romero, Edgar van den.  |t Gestión gerencial y empresarial aplicada al siglo XXI.  |b Tercera edición.  |d Bogotá, D.C. : Ecoe Ediciones, 2016  |z 9789587713329 
791 2 |a Digitalia (Firm),  |e distributor. 
793 0 |g Digitalia eBook Collection:  |a Ecoe Ediciones 
830 0 |a Colección: Ciencias empresariales.  |p Área Administración. 
856 4 0 |3 Digitalia Hispánica  |u https://www.digitaliapublishing.com/a/47148/ 
910 |a Premium collection: 2021